| 000 | 00659cab a22001935a 4500 | ||
|---|---|---|---|
| 001 | L151702 | ||
| 008 | 101202s2010 xxk f s 000 0 eng d | ||
| 035 | _a(Sirsi) u151702 | ||
| 041 | 0 | _aeng | |
| 100 | 1 | _aSharpe, Geoffrey | |
| 245 | 0 | 4 | _aThe history and development of artificial stone |
| 260 | _c2010 | ||
| 490 | 0 |
_aBuilding Engineer _v85(12) December 2010, 30-31(2) |
|
| 520 | _aOutlines the different types of artificial stone in the United Kingdom; composition, development and use; artificial clay stone; cast stone. | ||
| 590 | _aKA | ||
| 651 | 4 |
_aEngland and Wales _y1543- |
|
| 690 | _aBUILT ENVIRONMENT-BUILDING MATERIALS-STONE | ||
| 942 | _n0 | ||
| 999 |
_c82844 _d82844 |
||